Among Us The Skeld Locations - Statistics

General Stats
  • This quiz has been taken 182 times
  • The average score is 13 of 14
Answer Stats
Hint Answer % Correct
Top-Middle Cafeteria
99%
Left-Middle Security
98%
Top-Left Upper Engine
97%
Left-Middle Reactor
96%
Bottom-Left Lower Engine
95%
Bottom-Middle Storage
95%
Top-Right Weapons
95%
Middle-Left MedBay
94%
Right-Middle Navigation
94%
Middle-Right Admin
92%
Bottom-Middle-Right Communications
92%
Left-Bottom Electrical
92%
Bottom-Right Shields
90%
Middle-Right O2
89%
No matching quizzes found
Score Distribution
Percent of People with Each Score
Percentile by Number Answered
Your Score History
You have not taken this quiz